000
00320nam a2200121 a 4500
005
20140414131923.0
008
101023s19uu xx 00 eng d
050
_a
ER
_b
H83 2005
100
_a
Yolen, Jane
245
_a
How do dinosaurs eat their food?.
260
_a
New York :
_b
Blue sky press,
_c
2005.
999
_c
111834
_d
111834